00493 2200193 4500001002100000005001500021035002000036007000300056008004100059020002100100082001100121084001700132100000800149245004100157250001100198260004100209300003000250650001900280INLIS00000000000134720211006111013 a0010-1021000119ta211006 g 0 ind  a978602-04-9756-3 a297.07 a297.07 A.K m0 aA.K1 aMengubah Amara Menjadi Hikmah /cA.K aCet. 1 aJakarta :bPT. Elex Media Komputindo a176 hlm. ;c15 cm x 17 cm amotivasi islam